[Event "Quebec op U2000"]
[Site "Montreal"]
[Date "2001.07.28"]
[Round "9"]
[White "Lord, Stephan"]
[Black "Tremblay, Alain"]
[Result "0-1"]
[WhiteElo "1846"]
[BlackElo "1929"]
[PlyCount "60"]
[EventDate "2001.07.21"]
[EventType "swiss"]
[EventRounds "9"]
[EventCountry "CAN"]
[SourceTitle "EXT 2022"]
[Source "ChessBase"]
[SourceDate "2021.10.06"]
[SourceVersion "1"]
[SourceVersionDate "2021.10.06"]
[SourceQuality "1"]

1. d4 Nf6 2. e3 g6 3. Bd3 Bg7 4. f4 d6 5. Nf3 0-0 6. 0-0 Nc6 7. e4 Bg4 8. c3 e5 9. fxe5 dxe5 10. d5 Ne7 11. Qb3 Nd7 12. Be3 Nc8 13. Nbd2 Nd6 14. h3 Bxf3 15. Nxf3 f5 16. Ng5 Bh6 17. h4 f4 18. Ne6 Qxh4 19. Bf2 Qg4 20. Rfe1 f3 21. Bf1 Nxe4 22. Rxe4 Qxe4 23. d6 Kh8 24. Re1 Qg4 25. Nxf8 Rxf8 26. dxc7 Nb6 27. Rxe5 fxg2 28. Bxg2 Rxf2 29. Re8+ Rf8 30. Qf7 Be3+ 0-1